Witzapotheke (Record no. 6754)

MARC details
000 -CABECERA
campo de control de longitud fija 00817nam a2200217 a 4500
001 - NÚMERO DE CONTROL
campo de control BRCA_7073
005 - FECHA Y HORA DE LA ÚLTIMA TRANSACCIÓN
campo de control 20190321142934.0
008 - DATOS DE LONGITUD FIJA--INFORMACIÓN GENERAL
campo de control de longitud fija 071211s1929----pl-#######---#000-0#ger-#
041 ## - CÓDIGO DE LENGUA
Código de lengua del texto/banda sonora o título independiente ger
044 ## - CÓDIGO DEL PAÍS DE LA ENTIDAD EDITORA/PRODUCTORA
Código MARC del país pl
050 #4 - SIGNATURA TOPOGRÁFICA DE LA BIBLIOTECA DEL CONGRESO
Número de documento/Ítem .S38 1929
100 1# - ENTRADA PRINCIPAL--NOMBRE DE PERSONA
Nombre de persona Schubert, Jos.
9 (RLIN) 17588
245 10 - MENCIÓN DE TÍTULO
Título Witzapotheke
Resto del título eröffnet mit einem reichen Heilmittel Shake zur Gesundung von Verstimmung, Änger und Verdruss und zur Erheiterung geselliger Kreise 100 dezenter und alphabetisch geordneter Anekdoten, Schnurren und Witze
Mención de responsabilidad, etc. gesammelt von Lachdoktor Jos. Schubert
260 ## - PUBLICACIÓN, DISTRIBUCIÓN, ETC.
Lugar de publicación, distribución, etc. Breslau
Nombre del editor, distribuidor, etc. S. P. Aderholz´ Buchhandlung
Fecha de publicación, distribución, etc. 1929
300 ## - DESCRIPCIÓN FÍSICA
Extensión 2 v.
Dimensiones 18 cm.
500 ## - NOTA GENERAL
Nota general El v.1. tiene números inscritos por Franz Mayer en la cubierta
500 ## - NOTA GENERAL
Nota general O42
650 14 - PUNTO DE ACCESO ADICIONAL DE MATERIA--TÉRMINO DE MATERIA
Término de materia o nombre geográfico como elemento de entrada Humor e ingenio alemán
9 (RLIN) 17589
902 ## - CATALOGADOR
Iniciales GFM
942 ## - ELEMENTOS DE PUNTO DE ACCESO ADICIONAL (KOHA)
Fuente del sistema de clasificación o colocación Library of Congress Classification
Tipo de ítem Koha Libros
Holdings
Estado de retiro Estado de pérdida Estado dañado No para préstamo Localización permanente Ubicación/localización actual Fecha de adquisición Número de inventario Total de préstamos Signatura topográfica completa Código de barras Fecha visto por última vez Precio válido a partir de Tipo de ítem Koha
El ejemplar forma parte de la colección y puede ser consultado según las políticas vigentes.       Biblioteca del Museo Franz Mayer (Rogerio Casas-Alatriste) Biblioteca del Museo Franz Mayer (Rogerio Casas-Alatriste) 07/12/2011 O42   .S38 1929 (O42) 7520 22/03/2019 22/03/2019 Libros